[Event "Oberfranken-ch"]
[Site "Kronach"]
[Date "2023.11.02"]
[Round "2"]
[White "Leiss, Nicolas"]
[Black "Jones, Rashad"]
[Result "1-0"]
[WhiteElo "1672"]
[BlackElo "817"]
[PlyCount "77"]
[EventDate "2023.11.02"]
[EventType "swiss"]
[EventRounds "7"]
[EventCountry "GER"]
[SourceTitle "CB46_2023"]
[SourceDate "2023.11.15"]
[SourceVersion "1"]
[SourceVersionDate "2023.11.15"]
[SourceQuality "1"]

1. e4 e5 2. Nf3 Nc6 3. Bb5 Nf6 4. d3 Bc5 5. 0-0 a6 6. Ba4 0-0 7. c3 d6 8. h3 Be6 9. Re1 b5 10. Bc2 b4 11. d4 Bb6 12. d5 Bxd5 13. exd5 e4 14. dxc6 exf3 15. Qxf3 Re8 16. Rxe8+ Qxe8 17. Be3 bxc3 18. Nxc3 Rd8 19. Bxb6 cxb6 20. Rd1 Qe6 21. Bf5 Qe5 22. c7 Re8 23. c8Q Rxc8 24. Bxc8 b5 25. Bxa6 b4 26. Qa8+ Ne8 27. Bb5 bxc3 28. Qxe8+ Qxe8 29. Bxe8 g6 30. bxc3 Kf8 31. Bb5 Ke7 32. a4 Kd8 33. Rxd6+ Ke7 34. Rd4 Ke6 35. a5 Ke5 36. g4 Ke6 37. g5 Ke5 38. Bd7 f6 39. f4# 1-0